GTA: San Andreas - Map Quiz - Statistics

General Stats
  • This quiz has been taken 1,552 times
  • The average score is 9 of 25
Answers on the Map
Answers color-coded by a green-red scale on the quiz's map according to % correct below.
 
Answer Stats
Answer % Correct
Los Santos
95%
Las Venturas
85%
San Fierro
84%
Grove Street
46%
Mount Chiliad
46%
Angel Pine
39%
Area 69
39%
Los Santos International Airport
39%
Red County
36%
Blueberry
34%
Bone County
34%
Tierra Robada
29%
Montgomery
28%
Las Venturas Airport
27%
Whetstone
27%
Bayside
26%
Flint County
26%
Palomino Creek
26%
Dillimore
24%
Verdant Meadows Airfield
21%
Fort Carson
19%
Easter Bay Airport
16%
El Quebrados
13%
Las Barrancas
10%
Las Payasadas
9%
No matching quizzes found
Score Distribution
Percent of People with Each Score
Percentile by Number Answered
Your Score History
You have not taken this quiz